| 000 | nam a22 7a 4500 | ||
|---|---|---|---|
| 999 |
_c330165 _d330165 |
||
| 003 | NUST | ||
| 005 | 20170612114007.0 | ||
| 008 | 170612b xxu||||| |||| 00| 0 eng d | ||
| 020 | _a9788130927534 | ||
| 040 | _c0 | ||
| 082 | _a570.15195 MAN | ||
| 100 |
_aPandey,Manju _92440 |
||
| 245 |
_aBiostatistics: _bBasic and Advanced _cManju Pandey |
||
| 260 |
_aLondon _bMV Learning _c2015 |
||
| 300 | _a696p. | ||
| 500 | _aP.B | ||
| 942 |
_2ddc _cBK _k570.15195 MAN |
||